00648nam a2200193 a 450000100100000000500170001000800410002702000150006804000250008308200160010810000200012424500860014425000110023026000600024130000260030150000660032750400410039370000200043400000462220200929151454.0090724s2004 xxu 000 0 eng d a0810849496 aDO-SdBNPbspacBNPHU axxxxbN154h1 aNahm, Andrew C.10aHistorical dictionary of the Republic of Korea /cAndrew C. Nahm, James E. Hoare. a2a ed. aMaryland, Estados Unidos :bThe Scarecrow Press,c2004. alvi, 313 p. ;c22 cm. aIncluye datos biográficos de los autores en la página 133 aIncluye bibliografías (p. 248-293)1 aHoare, James E.